The mines act 1952 (Record no. 5040)

MARC details
000 -LEADER
fixed length control field 00354nam a22001577a 4500
005 - DATE AND TIME OF LATEST TRANSACTION
control field 20160701112058.0
008 - FIXED-LENGTH DATA ELEMENTS--GENERAL INFORMATION
fixed length control field 160701b xxu||||| |||| 00| 0 eng d
041 ## - LANGUAGE CODE
Language code of text/sound track or separate title eng
082 ## - DEWEY DECIMAL CLASSIFICATION NUMBER
Item number 20301
100 ## - MAIN ENTRY--AUTHOR NAME
Personal name Kejriwal Prof. BK
245 ## - TITLE STATEMENT
Title The mines act 1952
260 ## - PUBLICATION, DISTRIBUTION, ETC. (IMPRINT)
Name of publisher geeta
300 ## - PHYSICAL DESCRIPTION
Number of Pages 124
650 ## - SUBJECT ADDED ENTRY--TOPICAL TERM
Topical Term Diploma Engineering
942 ## - ADDED ENTRY ELEMENTS (KOHA)
Koha item type Books
Holdings
Lost status Damaged status Home library Current library Shelving location Date acquired Cost, normal purchase price Full call number Accession Number Koha item type
    JRU Library   SHELF-6-E 01/07/2016 120.00 622 20301 Books